000 01448nam2a2200337 4500
001 RU\NLR\DIGIT\35267
005 20250806203213.0
035 _a(NLR Aleph) 010123265
090 _a20246
_c20246
100 _a20250806 rusy50
101 0 _arus
102 _aRU
135 _acrbn 001aaaup
200 1 _a1941, № 266(2066) (10 нояб.)
210 _aХанты-Мансийск
_d1941
215 _a2 с.
325 _aStalinskaya_tribuna_1941_N266
325 _aКопия доступна в Электрон. б-ке РНБ http://vivaldi.nlr.ru/pn000006509/view
461 0 _1001RU\NLR\DIGIT\35024
_12001#$aСталинская Трибуна$eОрган Ханты-Мансийского окружного и Самаровского районного комитетов ВКП(б) и Ханты-Мансийского окружного Совета депутатов трудящихся$v1941, № 266(2066) (10 нояб.)
702 1 _aСкрипунов
_bГ.Н.
_4340
801 2 _aRU
_bNLR
_c20070626
_2rusmarc
852 _aNLR
_jР 2460, С 40143
856 0 _uhttp://vivaldi.nlr.ru/pn000006509/view
856 1 _uhttp://vivaldi.nlr.ru/pn000006509/cover
856 2 _uhttp://vivaldi.nlr.ru/pn000006509/text
942 _cISSNP
945 _aРоссийская национальная библиотека
980 _aNB
980 _aBV